Introduction to solid state physics (Record no. 31457)

000 -LEADER
fixed length control field 00524nam a2200205 a 4500
001 - CONTROL NUMBER
control field 31457
003 - CONTROL NUMBER IDENTIFIER
control field BD-DhUET
008 - FIXED-LENGTH DATA ELEMENTS--GENERAL INFORMATION
fixed length control field 950426s1996 nyua b 001 0 eng
020 ## - INTERNATIONAL STANDARD BOOK NUMBER
International Standard Book Number 0471111813
040 ## - CATALOGING SOURCE
Original cataloging agency DLC
Transcribing agency DLC
Modifying agency BD-DhUET
082 ## - DEWEY DECIMAL CLASSIFICATION NUMBER
Classification number 539.204
Item number KIT/1996
100 ## - MAIN ENTRY--PERSONAL NAME
Personal name Kittel, Charles
245 10 - TITLE STATEMENT
Title Introduction to solid state physics
250 ## - EDITION STATEMENT
Edition statement 7th ed.
260 ## - PUBLICATION, DISTRIBUTION, ETC. (IMPRINT)
Place of publication, distribution, etc. New York
Name of publisher, distributor, etc. John Wiley & Sons
Date of publication, distribution, etc. 1996
300 ## - PHYSICAL DESCRIPTION
Extent xi,673 p.
504 ## - BIBLIOGRAPHY, ETC. NOTE
Bibliography, etc Includes bibliographies
650 #0 - SUBJECT ADDED ENTRY--TOPICAL TERM
Topical term or geographic name as entry element Physics of solids
942 ## - ADDED ENTRY ELEMENTS (KOHA)
Koha item type General Book
Holdings
Shelving location Copy number Withdrawn status Koha full call number Source of classification or shelving scheme Price effective from Not for loan Location (home branch) Date acquired Koha date last seen Sublocation or collection (holding branch) Damaged status Koha date last borrowed Koha issues (times borrowed) Koha item type Koha normalized classification for sorting Piece designation (barcode) Lost status
Reading section1 539.204/KIT/1996 2015-07-01 Central Library, BUET2015-07-012015-07-01Central Library, BUET   General Book539_204000000000000_KIT_199690780 
Reading section2 539.204/KIT/1996 2015-07-02 Central Library, BUET2015-07-022015-07-02Central Library, BUET   General Book539_204000000000000_KIT_1996102263 
Circulation section3 539.204/KIT/1996 2017-03-21 Central Library, BUET2010-04-262026-01-20Central Library, BUET 2025-12-065General Book539_204000000000000_KIT_1996107851